Tous les clubs français ayant participés à la C2 - Statistiques

Statistiques générales
  • Ce quiz a été pris 77 fois
  • Le résultat moyen est 16 sur 18
Statistiques - réponses
1ère participation Dernière participation Nombres de participations Clubs % Correct
1963-64 1973-74 5 Lyon
100%
1968-69 1986-87 2 Bordeaux
99%
1982-83 1998-99 6 PSG
99%
1970-71 1979-80 2 Nantes
97%
1969-70 1987-88 3 OM
97%
1965-66 1971-72 2 Rennes
97%
1997-98 1997-98 1 Nice
96%
1962-63 1977-78 2 Saint-Etienne
96%
1994-95 1994-95 1 Auxerre
91%
1974-75 1992-93 6 Monaco
91%
1975-76 1975-76 1 Lens
89%
1966-67 1966-67 1 Strasbourg
87%
1990-91 1990-91 1 Montpellier
86%
1984-85 1988-89 2 Metz
83%
1971-72 1981-82 2 Bastia
71%
1978-79 1978-79 1 Nancy
70%
1996-97 1996-97 1 Nîmes
60%
1961-62 1961-62 1 Sedan
50%
Aucun quiz correspondant
Distribution des résultats
% des personnes avec chaque résultat
Percentile par nombre de réponses
Votre historique - résultats
Vous n’avez pas pris ce quiz